| 000 | 00753nam a2200205Ii 4500 | ||
|---|---|---|---|
| 003 | JO-AjNU | ||
| 008 | 230605s9999||||xx |||||||||||||| ||und|| | ||
| 017 | _a1982/3799 | ||
| 040 |
_aJO-AjNU _bara _erda _cJO-AjNU |
||
| 041 | _aara | ||
| 050 | 1 | 4 | _aBP173.758.A3578 1986 |
| 100 | 3 |
_aشرف الدين، أحمد السعيد, _eauthor _946824 |
|
| 245 | 0 | 0 | _aعقود التأمين وعقود ضمان الإستثمار: واقعها الحالي وحكمها الشرعي |
| 264 | 3 | 1 | _aد.م:د.ن، 1986 |
| 300 | _a274ص | ||
| 336 |
_atext _btxt _2rdacontent |
||
| 337 |
_aunmediated _bn _2rdamedia |
||
| 338 |
_avolume _bnc _2rdacarrier |
||
| 650 | 4 |
_aعقود التأمين- عقود الاستثمار- الاقتصاد الاسلامي _946825 |
|
| 999 |
_aA20398 _c23966 _d23966 |
||